3D mesh processing and character animation : (Registro nro. 70328)
[ vista simple ]
| 000 -LEADER | |
|---|---|
| fixed length control field | 01452nam a2200349 i 4500 |
| 001 - CONTROL NUMBER | |
| control field | 70328 |
| 003 - CONTROL NUMBER IDENTIFIER | |
| control field | Mx-PuUPA |
| 005 - DATE AND TIME OF LATEST TRANSACTION | |
| control field | 20230703123256.0 |
| 008 - FIXED-LENGTH DATA ELEMENTS--GENERAL INFORMATION | |
| fixed length control field | 230629s2022 sz ad fr 000 0 eng d |
| 020 ## - INTERNATIONAL STANDARD BOOK NUMBER | |
| International Standard Book Number | 9783030813536 |
| Qualifying information | empastado |
| 024 7# - OTHER STANDARD IDENTIFIER | |
| Source of number or code | doi |
| Standard number or code | 10.1007/978-3-030-81354-3 |
| 040 ## - CATALOGING SOURCE | |
| Original cataloging agency | Mx-PuUPA |
| Language of cataloging | spa |
| Transcribing agency | Mx-PuUPA |
| Modifying agency | Mx-PuUPA |
| Description conventions | rda |
| 041 0# - LANGUAGE CODE | |
| Language code of text/sound track or separate title | eng |
| 100 1# - MAIN ENTRY--PERSONAL NAME | |
| Personal name | Mukundan, R., |
| 9 (RLIN) | 14406 |
| Relator term | autor |
| 245 10 - TITLE STATEMENT | |
| Title | 3D mesh processing and character animation : |
| Remainder of title | with examples using OpenGL, OpenMesh and Assimp / |
| Statement of responsibility, etc. | Ramakrishnan Mukundan |
| 246 3# - VARYING FORM OF TITLE | |
| Title proper/short title | Tres d mesh processing and character animation : |
| Remainder of title | with examples using openGL, openMesh and Assimp. |
| 264 #1 - PRODUCTION, PUBLICATION, DISTRIBUTION, MANUFACTURE, AND COPYRIGHT NOTICE | |
| Place of production, publication, distribution, manufacture | Switzerland, AG : |
| Name of producer, publisher, distributor, manufacturer | SpringerNature Switzerland AG, |
| Date of production, publication, distribution, manufacture, or copyright notice | 2022 |
| 300 ## - PHYSICAL DESCRIPTION | |
| Extent | xii, 201 páginas : |
| Other physical details | ilustraciones, gráficas, tablas ; |
| Dimensions | 24 cm |
| 336 ## - CONTENT TYPE | |
| Fuente | rdacontent |
| Content type term | texto |
| Content type code | txt |
| 337 ## - MEDIA TYPE | |
| Source | rdamedia |
| Media type term | sin medio |
| Media type code | n |
| 338 ## - CARRIER TYPE | |
| Source | rdacarrier |
| Carrier type term | volumen |
| Carrier type code | nc |
| 650 #7 - SUBJECT ADDED ENTRY--TOPICAL TERM | |
| Source of heading or term | armarc |
| Topical term or geographic name entry element | Animación por computadora |
| 650 #7 - SUBJECT ADDED ENTRY--TOPICAL TERM | |
| Source of heading or term | armarc |
| Topical term or geographic name entry element | Sistemas de visualización tridimensionales |
| 650 #7 - SUBJECT ADDED ENTRY--TOPICAL TERM | |
| Source of heading or term | armarc |
| Topical term or geographic name entry element | Gráficos por computadora interactivos |
| 650 #7 - SUBJECT ADDED ENTRY--TOPICAL TERM | |
| Source of heading or term | armarc |
| Topical term or geographic name entry element | Lenguajes de modelado (Computadoras) |
| 650 #7 - SUBJECT ADDED ENTRY--TOPICAL TERM | |
| Source of heading or term | armarc |
| Topical term or geographic name entry element | Simulación por computadoras |
| 942 ## - ADDED ENTRY ELEMENTS (KOHA) | |
| Source of classification or shelving scheme | Dewey Decimal Classification |
| Koha item type | Libro |
| Classification part | 006.696 |
| Item part | M9536 |
| Withdrawn status | Lost status | Source of classification or shelving scheme | Damaged status | Not for loan | Collection code | Home library | Current library | Shelving location | Date acquired | Source of acquisition | Cost, normal purchase price | Total Checkouts | Full call number | Barcode | Date last seen | Cost, replacement price | Price effective from | Koha item type |
|---|---|---|---|---|---|---|---|---|---|---|---|---|---|---|---|---|---|---|
| Dewey Decimal Classification | General | Biblioteca Karol Wojtyla | Biblioteca Karol Wojtyla | Sala general | 27/06/2023 | 2 | 1411.74 | 006.696 M9536 2022 | 103774 | 05/01/2026 | 1411.74 | 27/06/2023 | Libro |